000 005610000a22001810004500
001 768714001
003 CO-MdFUSB
005 20170505123418.0
008 170505s2000 sp ||||| |||| 00| 0 spa d
040 _aCO-MdFUSB
_bspa
_cCO-MdFUSB
_dCO-MdFUSB
041 _aspa
100 1 _aGroothuis, Douglas R. (1957 - )
_e21 cm.
245 1 0 _a¿Son todas las religiones iguales?
300 _aVolumen 1, (2000) Páginas 20 - 39
_c21 cm.
546 _aTexto en español
773 0 _tAndamio
_049451
_960431
_gVolumen 1, (2000) Páginas 20 - 39
_qPágina 20
942 _cANA
999 _c49836
_d49836